Geography alive! : Regions and people

Created in partnership with scholars from the National Council for Geographic Education, Geography Alive! Regions and People creatively challenges students to use the tools of geography to view, analyze, and understand the world around them.

Tallennettuna:
Bibliografiset tiedot
Päätekijä: Hart, Diane
Aineistotyyppi: Kirja
Kieli:Undetermined
Julkaistu: Palo Alto, Calif. Teachers' Curriculum Institute 2011
Aiheet:
Tagit: Lisää tagi
Ei tageja, Lisää ensimmäinen tagi!
Thư viện lưu trữ: Trung tâm Học liệu Trường Đại học Cần Thơ
LEADER 00872nam a2200217Ia 4500
001 CTU_197437
008 210402s9999 xx 000 0 und d
020 |c 3088000 
082 |a 910 
082 |b H325 
100 |a Hart, Diane 
245 0 |a Geography alive! : 
245 0 |b Regions and people 
260 |a Palo Alto, Calif. 
260 |b Teachers' Curriculum Institute 
260 |c 2011 
520 |a Created in partnership with scholars from the National Council for Geographic Education, Geography Alive! Regions and People creatively challenges students to use the tools of geography to view, analyze, and understand the world around them. 
650 |a Geography,Địa lí 
650 |x Study and teaching (Middle School),Nghiên cứu và giảng dạy (Trung học) 
904 |i Bằng 
980 |a Trung tâm Học liệu Trường Đại học Cần Thơ